[Event "Toronto NAYCC U08"]
[Site "Toronto"]
[Date "2013.08.17"]
[Round "7"]
[White "Makaveev, Martin"]
[Black "Whittingham, Dieter"]
[Result "0-1"]
[WhiteElo "836"]
[BlackElo "625"]
[PlyCount "42"]
[EventDate "2013.08.14"]
[EventType "swiss"]
[EventRounds "9"]
[EventCountry "CAN"]
[SourceTitle "EXT 2022"]
[Source "ChessBase"]
[SourceDate "2021.10.06"]
[SourceVersion "1"]
[SourceVersionDate "2021.10.06"]
[SourceQuality "1"]

1. e4 e5 2. d4 exd4 3. Qxd4 Nc6 4. Qd1 d6 5. Nf3 Bg4 6. Be2 Qd7 7. 0-0 0-0-0 8. Bg5 Be7 9. Bxe7 Ngxe7 10. Nc3 Rdg8 11. Nd5 h5 12. Nxe7+ Nxe7 13. h3 Bxh3 14. gxh3 Qxh3 15. Nh2 Rh6 16. Bf3 Rg6+ 17. Kh1 Rf6 18. Bg2 Qh4 19. Qd4 Rg6 20. Kg1 Qg5 21. Nf3 Qxg2# 0-1

[Event "Toronto NAYCC U08"]
[Site "Toronto"]
[Date "2013.08.16"]
[Round "4"]
[White "Makaveev, Martin"]
[Black "Mills, Torin"]
[Result "0-1"]
[WhiteElo "836"]
[BlackElo "626"]
[PlyCount "47"]
[EventDate "2013.08.14"]
[EventType "swiss"]
[EventRounds "9"]
[EventCountry "CAN"]
[SourceTitle "EXT 2022"]
[Source "ChessBase"]
[SourceDate "2021.10.06"]
[SourceVersion "1"]
[SourceVersionDate "2021.10.06"]
[SourceQuality "1"]

1. e4 Nc6 2. d3 e5 3. Nf3 Nf6 4. Nc3 Bc5 5. Be2 d6 6. 0-0 0-0 7. Bg5 Bg4 8. b4 Bxb4 9. Nb5 Qe7 10. h3 Bxf3 11. Bxf3 a6 12. Be3 axb5 13. Bg5 h6 14. Bxf6 Qxf6 15. a3 Bxa3 16. c4 bxc4 17. dxc4 Bb2 18. Rxa8 Rxa8 19. Qb1 Bd4 20. Qxb7 Ra1 21. Rxa1 Bxa1 22. Qxc6 Bd4 23. Qxc7 Qh4 24. g3 0-1